00321 2200133 4500001002100000005001500021035002000036245003800056100001500094260003400109082000800143084001400151990002200165INLIS00000000000247620250604110257 a0010-06250000621 aMentari Di Sekotong /cHalu Safil0 aHalu Safil aSolo :bRiga Serangkai,c2000 a800 a800 HAL m a000091 s/d 000093